| 000 | 02202cam a2200385 i 4500 | ||
|---|---|---|---|
| 001 | 20831113 | ||
| 003 | OSt | ||
| 005 | 20250901165746.0 | ||
| 008 | 190131s2019 nyua 000 1 eng | ||
| 010 | _a 2019004286 | ||
| 020 | _a9780525566502 (paperback) | ||
| 020 | _z9780525566519 (eBook) | ||
| 040 |
_aDLC _beng _cDLC _erda _dDLC |
||
| 042 | _apcc | ||
| 050 | 0 | 0 |
_aPS 3543 .I26 M9 1992 _bM9 2019 |
| 082 | 0 | 0 |
_a813/.54 _223 |
| 084 |
_aFIC052000 _aFIC004000 _2bisacsh |
||
| 100 | 1 |
_aVidal, Gore, _d1925-2012, _eauthor. |
|
| 245 | 1 | 0 |
_aMyra Breckinridge : _ba novel / _cGore Vidal ; [introduction by Camille Paglia]. |
| 250 | _aFirst Vintage International edition. | ||
| 264 | 1 |
_aNew York : _bVintage International/Vintage Books, a division of Penguin Random House LLC, _cMay 2019. |
|
| 300 |
_axviii, 217 pages : _billustrations ; _c21 cm. |
||
| 336 |
_atext _btxt _2rdacontent |
||
| 337 |
_aunmediated _bn _2rdamedia |
||
| 338 |
_avolume _bnc _2rdacarrier |
||
| 490 | 0 | _aVintage international | |
| 520 |
_a"Finally back in print -- Gore Vidal's outrageous and immortal, gender-bending and polymorphously perverse, over-the-top, and utterly on-target comic masterpiece. "I am Myra Breckinridge, whom no man will ever possess." So begins the irresistible testimony of the luscious instructor of Empathy and Posture at Buck Loner's Academy of Drama and Modeling. Myra has a secret that only her surgeon shares; a passion for classic Hollywood films, which she regards as the supreme achievements of Western culture; and a sacred mission to bring heteronormative civilization to its knees. Fifty years after its first publication unleashed gales of laughter, delight, and ferocious dissent ("Has literary decency fallen so low?" asked Time), Myra Breckinridge's moment to instruct and delight has once again arrived"-- _cProvided by publisher. |
||
| 650 | 7 |
_aFICTION / Satire. _2bisacsh |
|
| 650 | 7 |
_aFICTION / Classics. _2bisacsh |
|
| 655 | 7 |
_aSatire. _2gsafd |
|
| 700 | 1 |
_aPaglia, Camille, _ewriter of introduction. |
|
| 906 |
_a7 _bcbc _corignew _d1 _eecip _f20 _gy-gencatlg |
||
| 942 |
_2lcc _cBK |
||
| 999 |
_c8854 _d8854 |
||